Leyendas de Egipto / (Registro nro. 12869)

Detalles MARC
000 -LIDER
fixed length control field 00626nam a22002057a 4500
003 - IDENTIFICACDOR DE NÚMERO DE CONTROL
control field DO-SdBNP
005 - DATE AND TIME OF LATEST TRANSACTION
control field 20171130093933.0
008 - ELEMENTOS DE LONGITUD FIJA
fixed length control field 161031b 1999 sp 00| 0 spa d
020 ## - ISBN
International Standard Book Number 8484033767
040 ## - FUENTE DE CATALOGACIÓN
Agencia que crea de manera original el registro BPMSU
Idioma de catalogación spa
Agencia que realiza la transcripción BPMSU
082 ## - NÚMERO DE CLASIFICACIÓN DECIMAL DE DEWEY
Classification number xxxx
Item number xxxx
100 1# - ASIENTO PRINCIPAL -- NOMBRE PERSONAL
Nombre personal Brown, Kyle
245 10 - MENCIÓN DE TITULO
Título Leyendas de Egipto /
Mención de responsabilidad Kyle Brown ; ilustraciones Juan José Aguilar
260 ## - PUBLICACIÓN, DISTRIBUCIÓN, ETC. (PIE DE IMPRENTA)
Lugar de publicación, distribución, etc Madrid :
Nombre del editor, distribuidor, etc. Edimat libros,
-- Zugarto ediciones,
Fecha de publicación, distribución, etc 1999.
300 ## - DESCRIPCIÓN FÍSICA
Extensión 125 p. :
Otros detalles físicos il.
Dimensiones 22 cm.
700 12 - ASIENTO SECUNDARIO -- NOMBRE PERSONAL
Nombre personal Aguilar, Juan José
Mención de responsabilidad il.
942 ## - ADDED ENTRY ELEMENTS (KOHA)
Source of classification or shelving scheme Dewey Decimal Classification
Koha item type Libros
945 ## - INFORMACIÓN DE PROCESAMIENTO LOCAL
Información de procesamiento local Inventariado extranjero /2017 BT
956 ## - LOCAL ELECTRONIC LOCATION AND ACCESS (OCLC)
Nombre de host YLOCKWARD
Número de acceso 10
Información de compresión 2011113
Trayectoria 0044
Existencias
Withdrawn status Lost status Source of classification or shelving scheme Damaged status Not for loan Collection code Home library Current library Date acquired Source of acquisition Total Checkouts Full call number Barcode Date last seen Price effective from Koha item type
    Dewey Decimal Classification     Colección General Biblioteca Pública Metropolitana Salomé Ureña Biblioteca Pública Metropolitana Salomé Ureña 11/13/2017 FUNDI   xxxx xxxx BPMSU17110174 11/13/2017 11/13/2017 Libros